00599nam a22002177a 450000500170000001000130001702000230003003500130005303700160006604000120008208200160009411000360011024500350014624600060018126000460018727000480023330000260028150000200030765000380032765000160036520170124110253.0 aB-041394 c750.00a8120317742 aB-041394 bCen Lib/Ret aDPLbEN a004.64bMIC aMIcro Modeling Associates, Inc. aMicrosoft commerce solutions / b  aNew Delhi bPrentice Hall of India c2001 bNew Delhi aM-97, Connaught circus e110001 axiii, 732p.c23cm(Hb) aIncludes index  aComputer science -- Web commerce  aE-commerce